Відродження нації (Запис № 310427)

МАРК-запис
000 -Лідер
fixed length control field 00866nam a22002777a 4500
001 - Контрольний номер
control field 24162
003 - Ідентифікатор контрольного номера
control field UA-OsUOA
005 - Дата та час останнього входження (трансакції)
control field 20260421113715.0
007 - Фіксоване поле фізичного опису
fixed length control field ta
008 - Елементи даних фіксованої довжини – загальна інформація
fixed length control field 20040209b un ||||| |||| 00| 0 ukr d
020 ## - Міжнародний стандартний книжковий номер (ISBN)
Міжнародний стандартний книжковий номер (ISBN) (НП) 5319008260
040 ## - Джерело каталогізації
Агенція оригінальної каталогізації UA-OsUOA
Мова каталогізації ukr
Агенція, яка здійснювала перезапис UA-OsUOA
Агенція, яка здійснювала модифікацію UA-OsUOA
041 ## - Код мови
Код мови тексту/ звукової доріжки чи окремого заголовка (П) ukr
044 ## - Код країни видавця/ виробника
Код країни видавця/ виробника (П) UA
080 ## - Індекс Універсальної десяткової класифікації
Індекс Універсальної десяткової класифікації (УДК) (НП) 94(477)(063)066
090 ## - Локальний шифр розміщення
Класифікаційний індекс УДК 94(477)(063)066
Авторський знак (НП) В48
100 ## - Основне введення – ім’я особи
Ім’я особи (НП) Винниченко В.
9 (RLIN) 17474
245 ## - Відомості про назву
Назва (НП) Відродження нації
Решта назви (НП) в 3 ч.
Номер частини/ розділу роботи (П) Ч.1
Дані про відповідальність (НП) Володимир Винниченко
250 ## - Відомості про видання (редакцію)
Відомості про видання (редакцію) (НП) репринтне відтворення видання 1920 року
260 ## - Публікація, розповсюдження і т.п. (Вихідні дані)
Місце публікації, розповсюдження і т.п. (П) Київ
Ім’я/ наймення видавництва, розповсюджувача і т.п. (П) ВПЛУ
Дата публікації, розповсюдження і т.п. (П) 1990
300 ## - Фізичний опис
Обсяг 348 с.
650 #7 - Додаткове предметне введення – тематичний термін
Джерело заголовка чи терміна UDC
Тематичний термін чи географічна назва, як елемент введення (НП) 94(477) Історія України
9 (RLIN) 1446
942 ## - Додаткові елементи входу (Коха)
Тип елемента Koha Книги
Source of classification or shelving scheme Universal Decimal Classification
955 ## - Код типу видання за змістом
Код типу видання за змістом (НП) Наукові видання
Фонди
Стан вилучень Стан втрат Джерело класифікації або схеми стелажів Стан уражень Не для кредиту Постійне місце розташування Поточне розміщення Дата придбання Вартість, звичайна ціна покупки Інвентарний номер Усього замовленно Повний номер виклику Штрих-код Дата останнього перегляду Ціна ефективна від Тип елемента Koha Код колекції Джерело придбання Вартість, ціна заміни
    Universal Decimal Classification     АБ - Абонемент НБ АБ - Абонемент НБ 24/11/2011 8.00 135770   94(477).063/067 В48 135770 29/09/2021 24/11/2011 Книги Колекція Василишина Р.Д. 139/2011  
    Universal Decimal Classification     АБ - Абонемент НБ АБ - Абонемент НБ 20/04/2026 18.00     94(477)(063)066 В48 169810 20/04/2026 20/04/2026 Книги Колекція Шевчука Валерія №17/31.03.2026 18.00
    Universal Decimal Classification     ЧЗ - Читальна зала ЧЗ - Читальна зала 09/02/2004 2.00 77348   94(477)(063)066 В48 77348 06/02/2022 09/02/2004 Книги